The title mr t3-mhw in the Middle Kingdom documents /

محفوظ في:

المؤلف الرئيسي: Stefanović, Danijela (مؤلف)

التنسيق: كتاب

اللغة: English

منشور في: Belgrade : Serbian Archaeological Society, 2003.

سلاسل: Posebna izdanja (Srpsko Arkheolosko Drustvo) ; 1.

الموضوعات:

الوسوم: إضافة وسم

لا توجد وسوم, كن أول من يضع وسما على هذه التسجيلة!

رقم الطلب: DS41 .B81 S3 v.1

LEADER 00965namaa2200265 4500
001 12380
003 OSt
005 20241001131958.0
008 130303s2003 yu 000 0 eng d
952 |0 0  |1 0  |2 lcc  |4 0  |6 DS0041 B81 S3 V.00001  |7 1  |9 11619  |a ARCE  |b ARCE  |d 2021-04-05  |l 0  |o DS41 .B81 S3 v.1  |p 1014550  |r 2021-04-05 00:00:00  |w 2021-04-05  |y BK 
999 |c 10770  |d 10770 
020 |a 8690445501 
040 |c ARCE Library 
043 |a f-ua--- 
050 4 |a DS41 .B81 S3 v.1 
100 1 |a Stefanović, Danijela,  |e author  |9 40467 
245 1 4 |a The title mr t3-mhw in the Middle Kingdom documents /   |c Danijela Stefanović.  
264 1 |a Belgrade :  |b Serbian Archaeological Society,  |c 2003. 
300 |a 117 pages ;  |c 24 cm. 
490 1 |a Posebna izdanja (Srpsko Arkheolosko Drustvo) ;   |v 1. 
650 0 |a Job titles  |z Egypt.  |9 5668 
651 0 |a Egypt   |x Officials and employees. 
830 0 |a Posebna izdanja (Srpsko Arkheolosko Drustvo) ;   |v 1. 
901 |a reviewed 
942 |c BK  |2 lcc